000 00462nam a2200181Ia 4500
008 230524s9999 xx 000 0 und d
020 _a97881177588118
082 _a658.155
_bFIS
100 _aDonald E.Fischer
245 0 _aSecurity Analysis And Portfolio Management
250 _a6TH
260 _aNEW DELHI
_bPearson
_c2007
300 _aVIII;697
500 _aQuantity Number: 7
650 _aManagement
700 _a Ronald J.Jordan
942 _cBK
999 _c42383
_d42383